Perception on romantic relationship by only, middle , youngest and eldest child / (Record no. 13911)
[ view plain ]
| 000 -LEADER | |
|---|---|
| fixed length control field | 00539nam a22001457a 4500 |
| 008 - FIXED-LENGTH DATA ELEMENTS--GENERAL INFORMATION | |
| fixed length control field | 190509b ||||| |||| 00| 0 eng d |
| 082 ## - DEWEY DECIMAL CLASSIFICATION NUMBER | |
| Edition number | 2018 |
| Classification number | UT 1295 |
| Item number | G63 |
| 100 ## - MAIN ENTRY--PERSONAL NAME | |
| Personal name | Gomez, Glazel M. |
| 9 (RLIN) | 38738 |
| 245 ## - TITLE STATEMENT | |
| Title | Perception on romantic relationship by only, middle , youngest and eldest child / |
| Statement of responsibility, etc. | Glazel M. Gomez and Shaire Joyce B. Pareñas. |
| 260 ## - PUBLICATION, DISTRIBUTION, ETC. (IMPRINT) | |
| Place of publication, distribution, etc. | Digos City: |
| Name of publisher, distributor, etc. | UMDC, |
| Date of publication, distribution, etc. | April 2018. |
| 300 ## - PHYSICAL DESCRIPTION | |
| Extent | 78 pages; |
| Dimensions | 30 cm. |
| 650 ## - SUBJECT ADDED ENTRY--TOPICAL TERM | |
| Topical term or geographic name as entry element | Psychology |
| General subdivision | Undergrduate thesis. |
| 9 (RLIN) | 38739 |
| 700 ## - ADDED ENTRY--PERSONAL NAME | |
| Personal name | Pareñas, Shaira Joyce B. |
| 9 (RLIN) | 29313 |
| 942 ## - ADDED ENTRY ELEMENTS (KOHA) | |
| Source of classification or shelving scheme | Dewey Decimal Classification |
| Koha item type | Undergraduate Thesis |
| Withdrawn status | Lost status | Source of classification or shelving scheme | Damaged status | Not for loan | Home library | Current library | Date acquired | Total Checkouts | Full call number | Barcode | Date last seen | Copy number | Price effective from | Koha item type |
|---|---|---|---|---|---|---|---|---|---|---|---|---|---|---|
| Dewey Decimal Classification | UM Digos College - LIC | UM Digos College - LIC | 04/23/2019 | UT 1295 G63 2018 | UT1295 | 05/09/2019 | 1 | 05/09/2019 | Undergraduate Thesis |
